Moons of Uranus - Statistics

General Stats
  • This quiz has been taken 39 times
  • The average score is 22 of 29
Answer Stats
Answer % Correct
Ariel
100%
Oberon
100%
Puck
100%
Titania
100%
Umbriel
100%
Belinda
86%
Juliet
86%
Miranda
86%
Portia
86%
S2023 U 1
86%
Sycorax
86%
Cordelia
71%
Cressida
71%
Desdemona
71%
Ferdinand
71%
Francisco
71%
Mab
71%
Ophelia
71%
Prospero
71%
Rosalind
71%
S2025 U 1
71%
Bianca
57%
Caliban
57%
Cupid
57%
Margaret
57%
Perdita
57%
Setebos
57%
Stephano
57%
Trinculo
57%
No matching quizzes found
Score Distribution
Percent of People with Each Score
Percentile by Number Answered
Your Score History
You have not taken this quiz